00294nam a2200133Ia 45000030006000000080041000060400015000471000023000622450033000852600009001183000006001275460010001330050017001430STCL150530s9999 xx 000 0 und d aSTCLcSTCL aGoswami S, K, Giri aUdyan Kala Evam Pusha Vigyan c2005 a0 aHindi20220125171258.0